| Registos Bibliográficos associados ao registo de autoridade |
|
Etiqueta de registo: 00254nam 2200025 450 001 2240481 003 http://id.bnportugal.gov.pt/bib/catbnp/2240481 010 ## $a978-989-33-8973-7 021 ## $aPT$b558312/25 100 ## $a20260102d2025 m y0pory01030103ba 101 1# $apor$arus$crus 102 ## $aPT 105 ## $aa z 000yy 106 ## $ar 200 1# $aDescrição das regras da arte da esgrima$emanual para o ensino nas forças armadas e instituições militares do Império Russo.$hParte 5,$iSobre a esgrima com paus$fNikolai Vlasievich Sokolov$gtrad., notas Paulo Jorge da Silva Lopes 205 ## $a2ª ed 210 #9 $aLisboa$cNúcleo de Investigação Histórica do Jogo do Pau Português,$d2025 215 ## $a72 p.$cil.$d23 cm 305 ## $aEd. bilingue em português e russo 675 ## $a796.86(035)$vBN$zpor$31334379 700 #1 $aSokolov,$bNikolai Vlasievich$31975081 702 #1 $aLopes,$bPaulo Jorge da Silva,$f1976-$4730$31799110 801 #0 $aPT$bBN$gRPC 856 41 $uhttp://rnod.bnportugal.gov.pt/ImagesBN/winlibimg.aspx?skey=&doc=2240481&img=218011&save=true 900 ## $aBIBNAC$d20260127 966 ## $lBN$mFGMON$sB.A. 53143 V.$x1 971 ## $casantos$d20260102 972 ## $e0$z0$d20260127$vlrevez 973 ## $cacosta$d20260119
|
|
|